| 000 | 01302nam a2200241Ia 4500 | ||
|---|---|---|---|
| 003 | Ost | ||
| 005 | 20260507075336.0 | ||
| 008 | 260507s9999||||xx |||||||||||||| ||und|| | ||
| 020 | _a9789953822570 | ||
| 040 | _cfsecg | ||
| 041 | _aara | ||
| 082 | _a330 | ||
| 100 |
_aالبستاني، باسل _eمؤلف |
||
| 245 | 0 |
_aجدلية نهج التنمية البشرية المستدامة : _bمنابع التكوين و موانع التمكين / _c باسل البستاني |
|
| 260 |
_aلبنان: _bمركز دراسات الوحدة العربية, _c2009 |
||
| 300 |
_a271 صفحة؛ _bإيضاحات ؛ _c24 سم |
||
| 504 | _aملاحق ص.229 | ||
| 520 | _aتطورات حيوية في البيئة الدولية و تطور و مفاهيم النمو و التنمية البشرية ، المسيرة التراكمية لبناء النهج،المرتكزات المحورية و الثنائيات التحليلية ، موقع التراث العربي الاسلامي ، الثنائيات و رأس المال الاجتماعي في رؤية التراث ، ظروف التنمية و بعض المضامين الحيوية | ||
| 653 | _aالتنمية | ||
| 653 | _aالتنمية الإجتماعية | ||
| 653 | _aالموارد البشرية | ||
| 942 | _cكتاب | ||
| 999 |
_c44054 _d44054 |
||